LEADER 04668nam 2200661 450 001 9910459861803321 005 20200520144314.0 010 $a1-4384-5300-0 035 $a(CKB)3710000000250802 035 $a(EBL)3408935 035 $a(SSID)ssj0001351822 035 $a(PQKBManifestationID)11899092 035 $a(PQKBTitleCode)TC0001351822 035 $a(PQKBWorkID)11309242 035 $a(PQKB)11199367 035 $a(MiAaPQ)EBC3408935 035 $a(Au-PeEL)EBL3408935 035 $a(CaPaEBR)ebr10944512 035 $a(OCoLC)892844481 035 $a(EXLCZ)993710000000250802 100 $a20141009h20142014 uy 0 101 0 $aeng 135 $aur|n|---||||| 181 $ctxt 182 $cc 183 $acr 200 14$aThe losing war $ePlan Colombia and beyond /$fJonathan D. Rosen 210 1$aAlbany, New York :$cSUNY Press,$d2014. 210 4$dİ2014 215 $a1 online resource (202 p.) 225 1 $aJames N. Rosenau Series in Global Politics 300 $aIncludes index. 311 $a1-4384-5299-3 327 $a""Contents""; ""Timeline""; ""Acknowledgments""; ""1 Introduction""; ""Organization of the Book""; ""Puzzle One: Origins of Plan Colombia""; ""Puzzle Two: From Drug Trafficking to Narco-Terrorism""; ""Puzzle Three: Beyond Plan Colombia""; ""Puzzle Four: Theory and Method""; ""Methodological Approach and Techniques""; ""Levels of Analysis""; ""Theoretical Approach""; ""Neorealism""; ""Liberalism""; ""Constructivism""; ""Lessons and Analytical Contributions""; ""2 The Colombian Puzzle in Historical Context""; ""Drug Cultivation and Trafficking in Colombia"" 327 $a""The Defeat of the Colombian Kingpins""""Domestic Dynamics: Internal Actors within Colombia""; ""Colombia and Its History of Weak Institutions""; ""The Clinton Administration""; ""1994: Republicans Take over Congress""; ""Ernesto Samper Toughens Stance on Drugs""; ""Counterproductive Policies: The U.S. Decertifies Colombia""; ""Conclusion""; ""3 The Origins of Plan Colombia""; ""The Pastrana Administration""; ""Pastrana Travels North""; ""U.S. Congressional Debate""; ""Understanding the Formation of Plan Colombia""; ""Financing of Plan Colombia""; ""Components of Plan Colombia"" 327 $a""Military Components of Plan Colombia""""Aerial Eradication""; ""Alternative Development and Crop Substitution""; ""Strengthening Democracy and Institutions""; ""Conclusion""; ""4 Uribe and the Fusion of the War on Drugs with the War on Terrorism""; ""External Shock: September 11, 2001""; ""Uribea???s Vision and Reorientation""; ""New Goals of Plan Colombia""; ""Expansion of Military Operations""; ""Controlling Land Seized""; ""Equipment and Training""; ""Uribe Seeks to Secure Infrastructure""; ""Increase of Resources for Interdiction"" 327 $a""Conceptual Analysis of Alternative Development Programs""""Results of Plan Colombia during the Uribe Administration: Successes against the FARC""; ""Victories against the AUC""; ""Weakening of the ELN""; ""Initial Successes Combating Corruption""; ""Parapolitics Scandal""; ""a???False Positivesa??? Scandal""; ""Human Rights Abuses""; ""Uribe Desires Passage of the Free Trade Agreement in Return for His Loyalty""; ""Conclusions""; ""5 Beyond Plan Colombia and Desecuritization""; ""Internal Displacement""; ""Uribea???s Departure from Power""; ""Election of Juan Manuel Santos"" 327 $a""Santos Seeks to Assist Marginalized Communities""""The Victims and Land Restitution Law""; ""Addressing Internal Displacement""; ""Addressing Impunity""; ""Peace Talks""; ""Santos and the War on Drugs""; ""Conclusion""; ""6 Desecuritizing Plan Colombia""; ""Plan Colombia II""; ""Why Obama Would Want to Cut Plan Colombia""; ""Mexico, Not Colombia""; ""The Recession""; ""Speech Acts""; ""Conclusion""; ""7 Social Constructions of Colombiaa???s: An Analysis of Speech Acts from 1998 to 2009""; ""The Election of Pastrana""; ""Plan Colombia""; ""Leadership Transition"" 327 $a""The Drugs and Terror Nexus"" 410 0$aJames N. Rosenau Series in Global Politics 606 $aDrug control$zColombia 606 $aInsurgency$zColombia 606 $aCounterinsurgency$zColombia 606 $aNational security$zColombia 608 $aElectronic books. 615 0$aDrug control 615 0$aInsurgency 615 0$aCounterinsurgency 615 0$aNational security 676 $a363.4509861 700 $aRosen$b Jonathan D.$0848216 801 0$bMiAaPQ 801 1$bMiAaPQ 801 2$bMiAaPQ 906 $aBOOK 912 $a9910459861803321 996 $aThe losing war$91976801 997 $aUNINA LEADER 05568nam 2200721Ia 450 001 996218280503316 005 20240418063252.0 010 $a1-281-31839-6 010 $a9786611318390 010 $a0-470-69041-0 010 $a0-470-68014-8 035 $a(CKB)1000000000403508 035 $a(EBL)350955 035 $a(OCoLC)608622811 035 $a(SSID)ssj0000289551 035 $a(PQKBManifestationID)11232702 035 $a(PQKBTitleCode)TC0000289551 035 $a(PQKBWorkID)10386059 035 $a(PQKB)11465893 035 $a(MiAaPQ)EBC350955 035 $a(Au-PeEL)EBL350955 035 $a(CaPaEBR)ebr10233085 035 $a(CaONFJC)MIL131839 035 $a(EXLCZ)991000000000403508 100 $a19991123d2000 uy 0 101 0 $aeng 135 $aur|n|---||||| 181 $ctxt 182 $cc 183 $acr 200 10$aAvoiding claims in building design$b[electronic resource] $erisk management in practice /$fMalcolm Taylor 205 $a1st ed. 210 $aOxford, UK ;$aMalden, MA $cBlackwell Science$d2000 215 $a1 online resource (306 p.) 300 $aIncludes index. 311 $a0-632-05326-7 327 $aAvoiding Claims in Building Design; Contents; Which form should be used?; Preface; Acknowledgements; Glossary of Terms; Introduction; For whom is this book written?; Some terms of reference; Why do practices need to manage risk?; Changes in society's perception of the professional; Does insurance affect the frequency of claims?; Professionals need the weapons to fight back; Claims - failure of management or design?; The structure of this book; Part One: Principles and Practice of Risk Management; 1 Defining and identifying risk; Definitions; Identifying risk; Conscious risk strategy 327 $aIdentifying and ranking the risks in your own practice2 The Risk Anatomy of Practice; Introduction; Innovatory or cautious design?; Innovation and the young practice; Young, mature and older practices; The commercial elements of practice; Do you produce house style design?; Separation of design from production documentation; Balancing of resources and skills; Qualification and experience; How dispersed is your practice?; Delegation; Financial controls; Markets and marketing; Hierarchy and succession; Summary; 3 A View of the Professions: their Individual Risk Patterns; Introduction 327 $aThe architect as lead consultant and designerThe interior designer; The landscape architect; The planner; Civil and structural engineers; The services engineers; The quantity surveyor; The project manager; 4 The Boundaries of Risk Between the Professions; Introduction; Boundaries of responsibility; Joint ventures; Subconsulting; Additional risks for multidiscipline practices; Cooperation in times of trouble; 5 Risk Management and Quality Assurance Compared; Is quality assurance relevant to risk management?; Definitions; The rules of QA; How does QA work?; Why do firms need QA? 327 $aQA and risk management comparedRelevance of QA to risk management; 6 The Practitioner and his Insurers; Professional indemnity insurance; Mutuals and the Wren Insurance Association; 7 Introducing Risk Management into the Office; Introduction; A model framework for all practices?; The components of a risk management system; Costing the process; Setting up the system; Applying the system; Maintaining the system; Part Two: The Processes of Risk Management; 8 Setting Up the Appointment; Introduction; The start of the process; Preparing the ground for the appointment; Anatomy of the appointment 327 $aPreparing the appointmentThe institutes' standard forms of engagement; Completing the forms; 9 Standard Forms of Engagement: The Architect; Standard Form of Agreement for the Appointment of an Architect (SFA/99); Coordinating the scope of services with others; Coordinating whole team design; The architect's design duties; Conditions of appointment; Conditions of Engagement for the Appointment of an Architect (CE/99) for use with a Letterof Appointment; 10 Standard Forms of Engagement: Engineers, Quantity Surveyor, National Health Service and Project Manager; The Engineers 327 $aACE Conditions of Engagement for Engineering Services B(l) and B(2) (ACE/B1, ACE/B2) 330 $aThe chance of being claimed against is now a major risk factor for every building designer, engineer, quantity surveyor and project manager. Apart from the cases that go to court, many other claims are settled before they reach that stage. The cost of insurance to meet claims is now a substantial component of every practice's overheads. Sensible risk management can identify the potential sources of claims, reduce their likelihood, warn of impending trouble and control how the claim is to be defended. This book explains how to plan a risk management strategy and suggests techniques that ca 606 $aBuilding$xSuperintendence 606 $aBuilding$xPlanning 606 $aRisk assessment 606 $aBuilding$xQuality control 606 $aConstruction contracts 615 0$aBuilding$xSuperintendence. 615 0$aBuilding$xPlanning. 615 0$aRisk assessment. 615 0$aBuilding$xQuality control. 615 0$aConstruction contracts. 676 $a343.41078624 676 $a692/.8 700 $aTaylor$b Malcolm$0906496 801 0$bMiAaPQ 801 1$bMiAaPQ 801 2$bMiAaPQ 906 $aBOOK 912 $a996218280503316 996 $aAvoiding claims in building design$92027167 997 $aUNISA